Estudio de prefactibilidad para la Construcción de una pequeña central Hidroeléctrica ubicada en el Salto Putunka municipio de Siuna, región Autónoma Costa Caribe Norte (RACCN)
Presenta un estudio de prefactibilidad para la construcción de la pequeña central hidroeléctrica PCH Salto Putunka con una capacidad instalada de 1.391 MW, ubicada en el municipio de Siuna, Región Autónoma Costa del Caribe Norte, se considera factible ser desarrollado por el Gobierno de Nicarag...
| Main Authors: | , |
|---|---|
| Other Authors: | |
| Format: | Tesis Section = Libro |
| Language: | Undetermined Spanish |
| Published: |
Managua
UNI
2016
|
| Subjects: |
| LEADER | 01559nam a2200253Ia 4500 | ||
|---|---|---|---|
| 008 | 240830s9999 xx 000 0 und d | ||
| 040 | |a BIBLIOTECA-RUSB/ M.Mon 621.312134 M539 | ||
| 041 | |a spa | ||
| 082 | |a M.Mon 621.312134 M539 | ||
| 100 | 1 | |a Mendoza Cantillo, Gloria María | |
| 100 | 1 | |b Membreño López, Karla Vanessa | |
| 245 | 1 | 0 | |a Estudio de prefactibilidad para la Construcción de una pequeña central Hidroeléctrica ubicada en el Salto Putunka municipio de Siuna, región Autónoma Costa Caribe Norte (RACCN) |
| 260 | |a Managua |b UNI |c 2016 | ||
| 300 | |a 108 p. :il. | ||
| 500 | |a Contiene: anexos e Incluye: CD. | ||
| 502 | |a Tesis (Máster en Gerencia de Proyectos de Desarrollo) - UNI, 2016. | ||
| 520 | 3 | |a Presenta un estudio de prefactibilidad para la construcción de la pequeña central hidroeléctrica PCH Salto Putunka con una capacidad instalada de 1.391 MW, ubicada en el municipio de Siuna, Región Autónoma Costa del Caribe Norte, se considera factible ser desarrollado por el Gobierno de Nicaragua administrado por la Empresa Nacional de Electricidad. El proyecto permitirá promover el desarrollo socioeconómico y mejorar la calidad de vida de los habitantes de esta región, por cuanto que el servicio de energía eléctrica induce a la creación de nuevas y pequeñas empresas en la región. | |
| 650 | 7 | |a CENTRAL HIDROELECTRICA | |
| 650 | 7 | |b ESTUDIO DE FACTIBILIDAD | |
| 650 | 7 | |c ENERGIA ELECTRICA | |
| 700 | 1 | |a Tutor: |b Eslaquit Aragón, Juan Miguel | |
| 942 | |c BK |2 ddc | ||
| 991 | |a TESIS | ||
| 999 | |c 19300 | ||